Organisational Behaviour (Record no. 522)

MARC details
000 -LEADER
fixed length control field 00347nam a22001457a 4500
003 - CONTROL NUMBER IDENTIFIER
control field OSt
005 - DATE AND TIME OF LATEST TRANSACTION
control field 20160727222359.0
008 - FIXED-LENGTH DATA ELEMENTS--GENERAL INFORMATION
fixed length control field 160623b xxu||||| |||| 00| 0 eng d
040 ## - CATALOGING SOURCE
Transcribing agency TEST
100 ## - MAIN ENTRY--PERSONAL NAME
9 (RLIN) 639
Personal name Sekar, P, C
245 ## - TITLE STATEMENT
Title Organisational Behaviour
260 ## - PUBLICATION, DISTRIBUTION, ETC. (IMPRINT)
Place of publication, distribution, etc. MADURAI
Name of publisher, distributor, etc. ENPEE
Date of publication, distribution, etc. 2000
300 ## - PHYSICAL DESCRIPTION
Extent Organisational Behaviour
942 ## - ADDED ENTRY ELEMENTS (KOHA)
Source of classification or shelving scheme Dewey Decimal Classification
Koha item type BOOK
Holdings
Withdrawn status Lost status Source of classification or shelving scheme Damaged status Not for loan Home library Current library Shelving location Date acquired Total Checkouts Full call number Barcode Date last seen Price effective from Koha item type
    Dewey Decimal Classification     Good Samaritan School Library Good Samaritan School Library PSYCHOLOGY 06/23/2016   SEK150 SEK813 06/23/2016 06/23/2016 BOOK

Powered by Koha